The horse lover's treasury

Guardado en:
Bibliografiske detaljer
Hovedforfatter: Murphy, Genevieve
Format: Bog
Sprog:Undetermined
Udgivet: New York, Estados Unidos Doubleday and Company 1964
Fag:
Tags: Tilføj Tag
Ingen Tags, Vær først til at tagge denne postø!

MARC

LEADER 00000nam a2200000Ia 4500
008 170316s9999 xx 000 0 und d
040 |a cru BVZT 
090 |a 810 M-57h 
100 |a Murphy, Genevieve 
245 4 |a The horse lover's treasury 
260 |a New York, Estados Unidos 
260 |b Doubleday and Company 
260 |c 1964 
300 |a 320 páginas 
650 |a LITERATURA ESTADOUNIDENSE 
999 |c 5967  |d 5967 
942 |c 15 D  |h 810 M-57h  |2 z